[Event "Oslo Kampen Autumn"]
[Site "Oslo"]
[Date "2019.??.??"]
[Round "4"]
[White "Simonsen, Helge"]
[Black "Kortner, Henrik"]
[Result "0-1"]
[WhiteElo "1693"]
[BlackElo "1864"]
[PlyCount "72"]
[EventDate "2019.09.09"]
[EventType "swiss"]
[EventRounds "7"]
[EventCountry "NOR"]
[SourceTitle "EXT 2024"]
[Source "ChessBase"]
[SourceDate "2023.10.10"]
[SourceVersion "1"]
[SourceVersionDate "2023.10.10"]
[SourceQuality "1"]

1. e4 e5 2. Nf3 Nc6 3. Bc4 Bc5 4. b4 Bxb4 5. c3 Ba5 6. d4 Qf6 7. 0-0 Bb6 8. dxe5 Nxe5 9. Nxe5 Qxe5 10. Qb3 Qe7 11. Nd2 d6 12. Ba3 Be6 13. e5 0-0-0 14. exd6 cxd6 15. Rae1 Qc7 16. Bxe6+ fxe6 17. Rxe6 Nf6 18. Nc4 Bc5 19. Rfe1 Rhe8 20. Rxe8 Rxe8 21. Rxe8+ Nxe8 22. Bxc5 dxc5 23. Ne3 Nf6 24. g3 a6 25. h4 Qe7 26. Qc4 b5 27. Qd3 Qe5 28. a4 c4 29. Qc2 Qe4 30. axb5 axb5 31. Qb2 Qe5 32. Qb4 Ne4 33. Nd1 Kb7 34. Kg2 Kb6 35. Qb2 Qd5 36. Qe2 Nxc3+ 0-1

[Event "Oslo Kampen Autumn"]
[Site "Oslo"]
[Date "2017.??.??"]
[Round "6"]
[White "Skurtveit, Lasse"]
[Black "Kortner, Henrik"]
[Result "0-1"]
[WhiteElo "1223"]
[BlackElo "1424"]
[PlyCount "98"]
[EventDate "2017.08.28"]
[EventType "swiss"]
[EventRounds "7"]
[EventCountry "NOR"]
[SourceTitle "EXT 2024"]
[Source "ChessBase"]
[SourceDate "2023.10.10"]
[SourceVersion "1"]
[SourceVersionDate "2023.10.10"]
[SourceQuality "1"]

1. e4 c5 2. Nf3 d6 3. d4 cxd4 4. Nxd4 Nf6 5. Nc3 Nc6 6. Bc4 Bd7 7. 0-0 g6 8. Re1 Bg7 9. a3 a6 10. Qd3 Ne5 11. Qe2 Nxc4 12. Qxc4 0-0 13. Bd2 Rc8 14. Qd3 Qc7 15. Rac1 Qc4 16. Qxc4 Rxc4 17. Nf3 Rfc8 18. e5 dxe5 19. Nxe5 R4c7 20. Nxd7 Rxd7 21. Bf4 e6 22. f3 Nd5 23. Nxd5 Rxd5 24. c4 Rd4 25. Bg3 Rdxc4 26. Rxc4 Rxc4 27. Rb1 Rc2 28. b3 Bd4+ 29. Kf1 e5 30. Rd1 g5 31. Be1 Kg7 32. Bb4 Rf2+ 33. Ke1 Rxg2 34. h3 Kg6 35. Bd6 Kf5 36. a4 Rg1+ 37. Ke2 Rxd1 38. Kxd1 Kf4 39. Ke2 f5 40. b4 h5 41. b5 axb5 42. axb5 Kg3 43. Be7 Kxh3 44. Bxg5 Kg3 45. Bf6 f4 46. Bg5 h4 47. Bxh4+ Kxh4 48. Kd3 Kg3 49. Ke4 Kf2 0-1